<?xml version="1.0" encoding="UTF-8"?>
<record
    xmlns:xsi="http://www.w3.org/2001/XMLSchema-instance"
    xsi:schemaLocation="http://www.loc.gov/MARC21/slim http://www.loc.gov/standards/marcxml/schema/MARC21slim.xsd"
    xmlns="http://www.loc.gov/MARC21/slim">

  <leader>02006cam a2200361 a 4500</leader>
  <controlfield tag="001">17310436</controlfield>
  <controlfield tag="003">OSt</controlfield>
  <controlfield tag="005">20220919141218.0</controlfield>
  <controlfield tag="008">120517s2013    paua     b    001 0 eng  </controlfield>
  <datafield tag="010" ind1=" " ind2=" ">
    <subfield code="a">  2007047325</subfield>
  </datafield>
  <datafield tag="020" ind1=" " ind2=" ">
    <subfield code="a">9780781771535</subfield>
  </datafield>
  <datafield tag="020" ind1=" " ind2=" ">
    <subfield code="a">0781771536</subfield>
  </datafield>
  <datafield tag="035" ind1=" " ind2=" ">
    <subfield code="a">(DNLM)101584337</subfield>
  </datafield>
  <datafield tag="040" ind1=" " ind2=" ">
    <subfield code="a">DNLM/DLC</subfield>
    <subfield code="c">LC</subfield>
    <subfield code="d">DLC</subfield>
  </datafield>
  <datafield tag="042" ind1=" " ind2=" ">
    <subfield code="a">pcc</subfield>
  </datafield>
  <datafield tag="050" ind1="0" ind2="0">
    <subfield code="a">RC59.A35</subfield>
  </datafield>
  <datafield tag="100" ind1=" " ind2=" ">
    <subfield code="a">Agabegi, Steven S.</subfield>
    <subfield code="9">389</subfield>
  </datafield>
  <datafield tag="245" ind1="0" ind2="0">
    <subfield code="a">Step-up to medicine. /</subfield>
    <subfield code="c">Steven S. Agabegi, Elizabeth Agabegi </subfield>
  </datafield>
  <datafield tag="250" ind1=" " ind2=" ">
    <subfield code="a">2nd ed.</subfield>
  </datafield>
  <datafield tag="260" ind1=" " ind2=" ">
    <subfield code="a">Philadelphia:</subfield>
    <subfield code="b">Wolters Kluwer/Lippincott Williams &amp; Wilkins,</subfield>
    <subfield code="c">2008.</subfield>
  </datafield>
  <datafield tag="300" ind1=" " ind2=" ">
    <subfield code="a">viii, 537 p. :</subfield>
    <subfield code="b">ill. (some col.) ;</subfield>
    <subfield code="c">28 cm.</subfield>
  </datafield>
  <datafield tag="490" ind1="1" ind2=" ">
    <subfield code="a">Step-up series</subfield>
  </datafield>
  <datafield tag="504" ind1=" " ind2=" ">
    <subfield code="a">Includes index.</subfield>
  </datafield>
  <datafield tag="505" ind1=" " ind2=" ">
    <subfield code="a">Contents:Diseases of the cardiovascular system -- Diseases of the pulmonary system -- Diseases of the gastrointestinal system -- Endocrine and metabolic diseases -- Diseases of the central and peripheral nervous system -- Connective tissue and joint diseases -- Diseases of the renal and genitourinary system -- Fluids, electrolytes and acid-base disorders -- Hematologic diseases and neoplasms -- Infectious diseases -- Diseases of the skin and hypersensitivity disorders -- Ambulatory medicine -- </subfield>
  </datafield>
  <datafield tag="520" ind1=" " ind2=" ">
    <subfield code="a">"The questions serve as a self-assessment tool, allowing students to think through clinical scenarios without answer choices influencing their thought process. Most questions end in "what are the appropriate next steps in managing this patient?" Imagine yourself as the clinician taking care of these patients: What test(s), if any, would you order next?"--Provided by publisher.</subfield>
  </datafield>
  <datafield tag="650" ind1="1" ind2="2">
    <subfield code="a">Internal Medicine</subfield>
    <subfield code="v">Outlines, syllabi, etc.</subfield>
    <subfield code="9">390</subfield>
  </datafield>
  <datafield tag="650" ind1="1" ind2="2">
    <subfield code="a">Clinical clerkship</subfield>
    <subfield code="v">Outlines, syllabi, etc.</subfield>
    <subfield code="9">391</subfield>
  </datafield>
  <datafield tag="650" ind1="1" ind2="2">
    <subfield code="a">Physicians</subfield>
    <subfield code="v">Licenses</subfield>
    <subfield code="2">United States</subfield>
    <subfield code="x">Examinations</subfield>
    <subfield code="y">Study guides</subfield>
    <subfield code="9">392</subfield>
  </datafield>
  <datafield tag="700" ind1="1" ind2=" ">
    <subfield code="a">Agabegi, Elizabeth D.</subfield>
    <subfield code="9">393</subfield>
  </datafield>
  <datafield tag="830" ind1=" " ind2="0">
    <subfield code="a">Step up series.</subfield>
    <subfield code="9">394</subfield>
  </datafield>
  <datafield tag="942" ind1=" " ind2=" ">
    <subfield code="2">lcc</subfield>
    <subfield code="c">BK</subfield>
  </datafield>
  <datafield tag="999" ind1=" " ind2=" ">
    <subfield code="c">9219</subfield>
    <subfield code="d">16719</subfield>
  </datafield>
  <datafield tag="952" ind1=" " ind2=" ">
    <subfield code="0">0</subfield>
    <subfield code="1">0</subfield>
    <subfield code="2">lcc</subfield>
    <subfield code="4">0</subfield>
    <subfield code="7">0</subfield>
    <subfield code="a">WIUC-KL</subfield>
    <subfield code="b">WIUC-KL</subfield>
    <subfield code="c">NURS L.</subfield>
    <subfield code="d">2019-11-29</subfield>
    <subfield code="l">0</subfield>
    <subfield code="o">RC59.A35(2e)</subfield>
    <subfield code="p">KSN/914/914/19</subfield>
    <subfield code="r">2022-09-19 00:00:00</subfield>
    <subfield code="w">2022-09-19</subfield>
    <subfield code="y">BK</subfield>
  </datafield>
</record>
